Normal view
MARC view
Entry Personal Name
001 - CONTROL NUMBER
- control field: 8587
003 - CONTROL NUMBER IDENTIFIER
- control field: OSt
005 - DATE AND TIME OF LATEST TRANSACTION
- control field: 20160509170125.0
008 - FIXED-LENGTH DATA ELEMENTS
- fixed length control field: 160509|| aca||aabn | a|a d
040 ## - CATALOGING SOURCE
- Original cataloging agency: OSt
- Transcribing agency: OSt
100 ## - HEADING--PERSONAL NAME
- Personal name: Langford, Cooper Harold,
670 ## - SOURCE DATA FOUND
- Source citation: Work cat.: (OSt)3919: Shriver, D. F. 8586, Inorganic chemistry /, 1990.
